000 00813nam a22002777a 4500
003 CHAP
005 20220329135844.0
008 971013s1922 r 00010 d
010 _a43374
011 _a44346
035 _a48484
040 _cCHAP
082 _a634.95
_bF76
100 0 0 _aFron, Alberto.
_943556
245 _aSilvicultura
260 _aBarcelona :
_bSalvat,
_c1922
300 _a552 p.
_b: ilus.
590 _aBATCH-UPD
_b10
_c20130110
_lUCH01
_h2119
590 _aBATCH-UPD
_b10
_c20130410
_lUCH01
_h1429
590 _aBATCH-UPD
_b10
_c20130914
_lUCH01
_h1544
590 _aCONVERSION
_b10
_c20130109
_lUCH01
_h1324
650 1 4 _aSilvicultura
_xPublicaciones periódicas.
_9106124
901 _aBK
942 _cLIBRO
949 _a634.95 F76
_bBC
_cLIBRO
_d33724000235347
_eLIBRO
_fc.2
_h23756
_i48484
_si
999 _c43374
_d43374